Normal view
MARC view
- Kouvaritakis, Basil:Cannon, Mark
Entry Personal Name
001 - CONTROL NUMBER
- control field: 62864
003 - CONTROL NUMBER IDENTIFIER
- control field: NUST
005 - DATE AND TIME OF LATEST TRANSACTION
- control field: 20210628203019.0
008 - FIXED-LENGTH DATA ELEMENTS
- fixed length control field: 210628|| aca||aabn | a|a d
040 ## - CATALOGING SOURCE
- Original cataloging agency: NUST
- Transcribing agency: NUST
100 ## - HEADING--PERSONAL NAME
- Personal name: Kouvaritakis, Basil:Cannon, Mark
670 ## - SOURCE DATA FOUND
- Source citation: Work cat.: (NUST): Kouvaritakis, Basil:Cannon, Mark, Nonlinear predictive control;theory and practice, 2001
